[Event "Pfalz op-B 11th"]
[Site "Neustadt an der Weinstrasse"]
[Date "2020.02.23"]
[Round "5"]
[White "Baeumer, Frank"]
[Black "Eschle, Hubert"]
[Result "1-0"]
[WhiteElo "1902"]
[BlackElo "1816"]
[PlyCount "59"]
[EventDate "2020.02.21"]
[EventType "swiss"]
[EventRounds "7"]
[EventCountry "GER"]
[SourceTitle "CBM 195 Extra"]
[Source "ChessBase"]
[SourceDate "2020.05.31"]
[SourceVersion "1"]
[SourceVersionDate "2020.05.31"]
[SourceQuality "1"]

1. e4 c5 2. Nf3 d6 3. c4 Nc6 4. d4 cxd4 5. Nxd4 Nf6 6. Nc3 g6 7. Be2 Bg7 8. Be3 Bd7 9. f3 Rc8 10. Qd2 a6 11. 0-0 0-0 12. Rfd1 Qc7 13. Rac1 Rcd8 14. b3 Qb8 15. Nc2 Bc8 16. b4 e6 17. b5 axb5 18. cxb5 Ne7 19. Bb6 Rd7 20. Qe3 d5 21. Nb4 dxe4 22. fxe4 Rxd1+ 23. Rxd1 Nd7 24. Bd4 e5 25. Ba7 Qc7 26. b6 Qc5 27. Qxc5 Nxc5 28. Bb8 Ne6 29. Bd6 Re8 30. Bb5 1-0

[Event "Bad Wiessee Senioren Cup 8th"]
[Site "Bad Wiessee"]
[Date "2019.05.12"]
[Round "2"]
[White "Eschle, Hubert"]
[Black "Marschall, Josef"]
[Result "0-1"]
[WhiteElo "1880"]
[BlackElo "2042"]
[PlyCount "74"]
[EventDate "2019.05.11"]
[EventType "swiss"]
[EventRounds "9"]
[EventCountry "GER"]
[SourceTitle "EXT 2020"]
[Source "ChessBase"]
[SourceDate "2019.10.17"]
[SourceVersion "1"]
[SourceVersionDate "2019.10.17"]
[SourceQuality "1"]

1. e4 c5 2. Nf3 d6 3. d4 cxd4 4. Nxd4 Nf6 5. Nc3 a6 6. Bc4 e6 7. Bb3 Be7 8. Be3 0-0 9. g4 b5 10. g5 Ne8 11. Rg1 Nc7 12. h4 b4 13. Na4 Bb7 14. Qg4 d5 15. 0-0-0 Nd7 16. h5 Rc8 17. g6 Bf6 18. gxh7+ Kh8 19. f4 dxe4 20. f5 Ne5 21. Qg3 Bd5 22. Nb6 Bxb3 23. Nxb3 Nd5 24. Nxc8 Qxc8 25. Bg5 Qd8 26. Bxf6 Qxf6 27. Nd4 Nc4 28. fxe6 fxe6 29. Qg6 Nde3 30. Qxf6 Rxf6 31. Rde1 e5 32. Ne2 Rf2 33. Rg3 Nf5 34. Rg5 Kxh7 35. Ng3 Nd4 36. Rxe4 Rxc2+ 37. Kd1 Nxb2+ 0-1

[Event "Bad Woerishofen op 34th"]
[Site "Bad Woerishofen"]
[Date "2018.02.23"]
[Round "1"]
[White "Dahmen, Juergen"]
[Black "Eschle, Hubert"]
[Result "0-1"]
[WhiteElo "1710"]
[BlackElo "1901"]
[PlyCount "46"]
[EventDate "2018.02.23"]
[EventType "swiss"]
[EventRounds "9"]
[EventCountry "GER"]
[SourceTitle "EXT 2019"]
[Source "ChessBase"]
[SourceDate "2018.10.10"]
[SourceVersion "1"]
[SourceVersionDate "2018.10.10"]
[SourceQuality "1"]

1. c4 Nf6 2. Nc3 g6 3. Nf3 Bg7 4. d4 0-0 5. e4 d6 6. Be2 Nbd7 7. 0-0 e5 8. dxe5 dxe5 9. Bg5 h6 10. Bh4 c6 11. h3 g5 12. Bg3 Nh5 13. Bh2 Nf4 14. Rc1 Qe7 15. Qc2 Nc5 16. Rfd1 f5 17. exf5 Bxf5 18. Qd2 Rad8 19. Qe1 e4 20. Bxf4 exf3 21. Rxd8 Rxd8 22. Bxf3 Qxe1+ 23. Rxe1 gxf4 0-1

[Event "Zuerich op-B 41st"]
[Site "Zuerich"]
[Date "2017.12.29"]
[Round "6"]
[White "Milovanovic, Milos"]
[Black "Eschle, Hubert"]
[Result "1-0"]
[WhiteElo "1854"]
[BlackElo "1913"]
[PlyCount "119"]
[EventDate "2017.12.26"]
[EventType "swiss"]
[EventRounds "7"]
[EventCountry "SUI"]
[SourceTitle "CBM 182 Extra"]
[Source "ChessBase"]
[SourceDate "2018.02.23"]
[SourceVersion "1"]
[SourceVersionDate "2018.02.23"]
[SourceQuality "1"]

1. e4 c5 2. Nf3 a6 3. c3 Nf6 4. e5 Nd5 5. d4 e6 6. Nbd2 Nc6 7. Ne4 cxd4 8. cxd4 f5 9. exf6 Nxf6 10. Bd3 Be7 11. 0-0 d5 12. Neg5 0-0 13. Re1 Qd6 14. Qe2 Re8 15. Nxh7 Nxh7 16. Bxh7+ Kxh7 17. Ng5+ Bxg5 18. Qh5+ Bh6 19. Bxh6 g6 20. Qh4 Kg8 21. Qf6 Qe7 22. Qxg6+ Kh8 23. Bg7+ Qxg7 24. Qxe8+ Qg8 25. Qh5+ Qh7 26. Qg5 Bd7 27. Re3 Rf8 28. Kf1 Rf5 29. Qg4 Rh5 30. Rf3 Qh6 31. Rf8+ Qxf8 32. Qxh5+ Kg8 33. Rd1 Qf5 34. Qxf5 exf5 35. Ke2 Kf7 36. Ke3 Kf6 37. Kf4 Ne7 38. Rd3 Ng6+ 39. Kf3 Bb5 40. Rc3 Bc6 41. g3 Ne7 42. h4 Nc8 43. Kf4 Nd6 44. f3 Ne8 45. g4 Ng7 46. g5+ Kg6 47. Ke5 Ne8 48. f4 Ng7 49. b3 Ne8 50. Rh3 Ng7 51. a4 Nh5 52. a5 Ng7 53. h5+ Nxh5 54. Rxh5 Kxh5 55. Kxf5 Bd7+ 56. Kf6 Kg4 57. g6 Bf5 58. g7 Bh7 59. f5 Bg8 60. Kg6 1-0

[Event "Bad Woerishofen op 31st"]
[Site "Bad Woerishofen"]
[Date "2015.03.01"]
[Round "3"]
[White "Eschle, Hubert"]
[Black "Sauerwein, Martin"]
[Result "1-0"]
[WhiteElo "1834"]
[BlackElo "1579"]
[PlyCount "61"]
[EventDate "2015.02.27"]
[EventType "swiss"]
[EventRounds "9"]
[EventCountry "GER"]
[SourceTitle "CBM 165 Extra"]
[Source "ChessBase"]
[SourceDate "2015.04.21"]
[SourceVersion "1"]
[SourceVersionDate "2015.04.21"]
[SourceQuality "1"]

1. e4 e6 2. d4 d5 3. e5 c5 4. c3 Qb6 5. Nf3 Nc6 6. a3 cxd4 7. cxd4 Nge7 8. b4 Nf5 9. Bb2 a6 10. g4 Nfe7 11. Nc3 g6 12. Rc1 Bg7 13. Na4 Qd8 14. Nc5 0-0 15. g5 b6 16. Nd3 Bd7 17. h4 Nf5 18. Nf4 h6 19. Be2 b5 20. Rg1 Qb6 21. Rc5 Nd8 22. Nh2 Nb7 23. Ng4 Nxc5 24. dxc5 Qc7 25. Nf6+ Kh8 26. h5 hxg5 27. Rxg5 Bh6 28. Rg4 Bxf4 29. Rxf4 gxh5 30. Qd2 Rg8 31. Rxf5 1-0

[Event "Lenk op"]
[Site "Lenk"]
[Date "2011.04.24"]
[Round "5"]
[White "Eschle, Hubert"]
[Black "Emmott, Steven Newman"]
[Result "0-1"]
[WhiteElo "1965"]
[BlackElo "1843"]
[PlyCount "36"]
[EventDate "2011.04.21"]
[EventType "swiss"]
[EventRounds "7"]
[EventCountry "SUI"]
[SourceTitle "CBM 142 Extra"]
[Source "ChessBase"]
[SourceDate "2011.06.27"]
[SourceVersion "1"]
[SourceVersionDate "2011.06.27"]
[SourceQuality "1"]

1. e4 e5 2. Nf3 f5 3. exf5 e4 4. Ne5 Nf6 5. d3 Qe7 6. d4 d6 7. Nc4 Bxf5 8. Bg5 Nbd7 9. Ne3 Be6 10. Nc3 0-0-0 11. d5 Bf7 12. Nb5 Kb8 13. Qd2 Nb6 14. Qa5 Nc8 15. Nd4 Qe5 16. Bxf6 gxf6 17. 0-0-0 Bh6 18. Ndf5 Qxf5 0-1

[Event "Lenk op"]
[Site "Lenk"]
[Date "2011.04.22"]
[Round "2"]
[White "Schweizer, Samuel"]
[Black "Eschle, Hubert"]
[Result "0-1"]
[WhiteElo "1772"]
[BlackElo "1965"]
[PlyCount "90"]
[EventDate "2011.04.21"]
[EventType "swiss"]
[EventRounds "7"]
[EventCountry "SUI"]
[SourceTitle "CBM 142 Extra"]
[Source "ChessBase"]
[SourceDate "2011.06.27"]
[SourceVersion "1"]
[SourceVersionDate "2011.06.27"]
[SourceQuality "1"]

1. e4 c5 2. Nf3 e6 3. d4 cxd4 4. Nxd4 Nf6 5. Nc3 d6 6. Be3 a6 7. Be2 Be7 8. 0-0 Qc7 9. a4 b6 10. f4 Bb7 11. Bf3 Nbd7 12. Nb3 0-0 13. Qe1 Rfd8 14. Qf2 Rac8 15. Rac1 Nc5 16. Nxc5 bxc5 17. e5 Nd5 18. Nxd5 exd5 19. c3 Qd7 20. h3 Rb8 21. exd6 Qxd6 22. f5 d4 23. Bd2 Bxf3 24. Qxf3 Rxb2 25. Bf4 Qd5 26. cxd4 Qxf3 27. Rxf3 cxd4 28. Rd3 Ra2 29. Rc4 Bf6 30. g4 h6 31. Bg3 Re8 32. Rf3 Ree2 33. Rf2 d3 34. Rxe2 Rxe2 35. Rc1 Ra2 36. Rd1 d2 37. Kf2 Bc3 38. Bf4 Rxa4 39. Bxd2 Ra2 40. Ke3 Bxd2+ 41. Rxd2 Rxd2 42. Kxd2 Kf8 43. Kd3 Ke7 44. Kd4 Kd6 45. h4 f6 0-1

[Event "Lenk op"]
[Site "Lenk"]
[Date "2011.04.21"]
[Round "1"]
[White "Eschle, Hubert"]
[Black "Mihok, Oliver"]
[Result "0-1"]
[WhiteElo "1965"]
[BlackElo "2462"]
[PlyCount "62"]
[EventDate "2011.04.21"]
[EventType "swiss"]
[EventRounds "7"]
[EventCountry "SUI"]
[SourceTitle "CBM 142 Extra"]
[Source "ChessBase"]
[SourceDate "2011.06.27"]
[SourceVersion "1"]
[SourceVersionDate "2011.06.27"]
[SourceQuality "1"]

1. e4 g6 2. d4 Bg7 3. Nc3 Nc6 4. Nf3 d5 5. exd5 Nb4 6. Bb5+ Bd7 7. Qe2 a6 8. Bc4 Bf5 9. Bb3 Nf6 10. Bg5 0-0 11. 0-0 Nbxd5 12. Rfe1 Nxc3 13. bxc3 h6 14. Bh4 g5 15. Qe5 e6 16. Bg3 Nd5 17. Qe2 Nxc3 18. Qd2 Ne4 19. Qe3 Nxg3 20. hxg3 a5 21. a4 Ra6 22. Ne5 Rd6 23. c3 Rb6 24. Ba2 Bc2 25. Qf3 Bb3 26. Bb1 f5 27. Bd3 g4 28. Qe2 Qd5 29. Ng6 Rf7 30. Nf4 Qc6 31. Qe3 Qxc3 0-1

[Event "Bad Woerishofen op 24th"]
[Site "Bad Woerishofen"]
[Date "2008.03.03"]
[Round "5"]
[White "Eschle, Hubert"]
[Black "Pichl, Michael"]
[Result "0-1"]
[WhiteElo "1935"]
[BlackElo "2077"]
[PlyCount "20"]
[EventDate "2008.02.28"]
[EventType "swiss"]
[EventRounds "9"]
[EventCountry "GER"]
[SourceTitle "CBM 123 Extra"]
[Source "ChessBase"]
[SourceDate "2008.05.06"]
[SourceVersion "1"]
[SourceVersionDate "2008.05.06"]
[SourceQuality "1"]

1. e4 c5 2. Nf3 g6 3. d4 Bg7 4. Nc3 cxd4 5. Nxd4 Nc6 6. Be3 Nf6 7. Be2 0-0 8. 0-0 d6 9. f4 Qb6 10. Qd2 Nxe4 0-1

[Event "SUI-ch op"]
[Site "Leukerbad"]
[Date "2007.07.13"]
[Round "2"]
[White "Eschle, Hubert"]
[Black "Habibi, Ali"]
[Result "0-1"]
[WhiteElo "1925"]
[BlackElo "2272"]
[PlyCount "34"]
[EventDate "2007.07.12"]
[EventType "swiss"]
[EventRounds "9"]
[EventCountry "SUI"]
[SourceTitle "CBM 119 Extra"]
[Source "ChessBase"]
[SourceDate "2007.09.04"]
[SourceVersion "1"]
[SourceVersionDate "2007.09.04"]
[SourceQuality "1"]

1. e4 c5 2. Nf3 g6 3. Bc4 Bg7 4. c3 Qc7 5. 0-0 d6 6. d3 Nf6 7. h3 0-0 8. Be3 h6 9. Nh2 e6 10. f4 d5 11. exd5 exd5 12. Bb5 a6 13. Ba4 b5 14. Bc2 Re8 15. Qf3 d4 16. cxd4 Bb7 17. Qf2 Nd5 0-1

[Event "Bad Woerishofen op 21st"]
[Site "Bad Woerishofen"]
[Date "2005.03.06"]
[Round "4"]
[White "Engl, Heinz"]
[Black "Eschle, Hubert"]
[Result "0-1"]
[WhiteElo "2088"]
[BlackElo "1936"]
[PlyCount "41"]
[EventDate "2005.03.03"]
[EventType "swiss"]
[EventRounds "9"]
[EventCountry "GER"]
[SourceTitle "EXT 2021"]
[Source "ChessBase"]
[SourceDate "2020.10.23"]
[SourceVersion "1"]
[SourceVersionDate "2020.10.23"]
[SourceQuality "1"]

1. e4 c5 2. Nf3 d6 3. d4 cxd4 4. Nxd4 Nf6 5. Nc3 a6 6. Bg5 Nbd7 7. f4 g6 8. Qf3 Bg7 9. 0-0-0 Qc7 10. g4 b5 11. Nd5 Nxd5 12. exd5 Bb7 13. Bg2 Qc4 14. Qe3 0-0 15. Kb1 Nb6 16. Qb3 Qc5 17. Nc6 Nc4 18. Bxe7 Rfe8 19. Rde1 Nd2+ 20. Kc1 Nxb3+ 21. axb3 0-1

[Event "Samnaun HT1"]
[Site "Samnaun"]
[Date "2004.07.16"]
[Round "9"]
[White "Buerge, Reto"]
[Black "Eschle, Hubert"]
[Result "1-0"]
[WhiteElo "2047"]
[BlackElo "1942"]
[PlyCount "41"]
[EventDate "2004.07.08"]
[EventType "swiss"]
[EventRounds "9"]
[EventCountry "SUI"]
[SourceTitle "EXT 2005"]
[Source "ChessBase"]
[SourceDate "2004.11.15"]
[SourceVersion "1"]
[SourceVersionDate "2004.11.15"]
[SourceQuality "1"]

1. d4 Nf6 2. Nf3 g6 3. Nc3 Bg7 4. e4 d6 5. Be3 0-0 6. Qd2 Nbd7 7. 0-0-0 Ng4 8. Bg5 f6 9. Bc4+ Kh8 10. h3 Nxf2 11. Qxf2 fxg5 12. Qg3 e5 13. Nxg5 exd4 14. Qh4 Nf6 15. Nd5 h6 16. Nf4 Qe8 17. Nge6 Bxe6 18. Nxe6 Rf7 19. Rhf1 g5 20. Nxg5 Re7 21. Rxf6 1-0

[Event "Bayern-chI Bank Hofmann 7th"]
[Site "Bad Wiessee"]
[Date "2003.11.08"]
[Round "1"]
[White "Van de Berkmortel, Theo"]
[Black "Eschle, Hubert"]
[Result "1-0"]
[WhiteElo "2274"]
[BlackElo "1975"]
[PlyCount "55"]
[EventDate "2003.11.08"]
[EventType "swiss"]
[EventRounds "9"]
[EventCountry "GER"]
[SourceTitle "EXT 2004"]
[Source "ChessBase"]
[SourceDate "2003.11.25"]
[SourceVersion "1"]
[SourceVersionDate "2003.11.25"]
[SourceQuality "1"]

1. d4 Nf6 2. g3 g6 3. Bg2 Bg7 4. e4 d6 5. Ne2 0-0 6. 0-0 e5 7. Nbc3 Nc6 8. dxe5 Nxe5 9. f4 Nc6 10. h3 Re8 11. Be3 h5 12. Qd2 Bd7 13. Rad1 a6 14. Nd4 Qe7 15. Rfe1 Qf8 16. Kh2 Re7 17. e5 dxe5 18. Nxc6 bxc6 19. Bc5 h4 20. Bxe7 hxg3+ 21. Kh1 Qxe7 22. fxe5 Ng4 23. Qxd7 Nf2+ 24. Kg1 Qc5 25. Qd4 Qa5 26. Bxc6 Rb8 27. Qe3 Bf8 28. Rd5 1-0

[Event "Bad Woerishofen op 19th"]
[Site "Bad Woerishofen"]
[Date "2003.03.16"]
[Round "4"]
[White "Bjarnason, Oskar"]
[Black "Eschle, Hubert"]
[Result "1-0"]
[WhiteElo "2195"]
[BlackElo "1969"]
[PlyCount "69"]
[EventDate "2003.03.13"]
[EventType "swiss"]
[EventRounds "9"]
[EventCountry "GER"]
[SourceTitle "CBM 093 Extra"]
[Source "ChessBase"]
[SourceDate "2003.05.09"]
[SourceVersion "1"]
[SourceVersionDate "2003.05.09"]
[SourceQuality "1"]

1. e4 c5 2. Nf3 e6 3. d4 cxd4 4. Nxd4 Nf6 5. Nc3 d6 6. Be3 a6 7. Qd2 Nbd7 8. f3 Qc7 9. g4 Ne5 10. 0-0-0 Be7 11. g5 Nfd7 12. Kb1 b5 13. Qf2 Bb7 14. h4 Rc8 15. Rg1 Nc5 16. a3 Ned7 17. h5 g6 18. Rh1 Rg8 19. Rh2 Nb6 20. Bd3 Nca4 21. Nxa4 Nxa4 22. f4 d5 23. hxg6 hxg6 24. f5 gxf5 25. exf5 e5 26. Ne6 Qc6 27. f6 Bd6 28. g6 e4 29. gxf7+ Kxf7 30. Ng5+ Rxg5 31. Bxg5 exd3 32. Rh7+ Kg8 33. Rg7+ Kf8 34. Rh1 dxc2+ 35. Kc1 1-0

[Event "Bad Woerishofen op 19th"]
[Site "Bad Woerishofen"]
[Date "2003.03.13"]
[Round "1"]
[White "Eschle, Hubert"]
[Black "Babar, Frank"]
[Result "1-0"]
[WhiteElo "1969"]
[BlackElo "2240"]
[PlyCount "56"]
[EventDate "2003.03.13"]
[EventType "swiss"]
[EventRounds "9"]
[EventCountry "GER"]
[SourceTitle "CBM 093 Extra"]
[Source "ChessBase"]
[SourceDate "2003.05.09"]
[SourceVersion "1"]
[SourceVersionDate "2003.05.09"]
[SourceQuality "1"]

1. d4 f5 2. c4 g6 3. Nc3 Bg7 4. Nf3 Nf6 5. e3 d6 6. Bd3 c6 7. 0-0 0-0 8. Qc2 Qc7 9. e4 fxe4 10. Nxe4 Bg4 11. Nfg5 Nxe4 12. Bxe4 Qd7 13. h3 Bf5 14. Be3 d5 15. Bxf5 Rxf5 16. Rac1 Na6 17. a3 Raf8 18. h4 Nc7 19. c5 e5 20. Qd2 exd4 21. Bxd4 Bxd4 22. Qxd4 Rf4 23. Qd3 Rxh4 24. Rce1 Rg4 25. Qh3 Rd8 26. Nxh7 Rf4 27. Qg3 Qf7 28. Ng5 Qf6 1-0

[Event "Bad Woerishofen op 18th"]
[Site "Bad Woerishofen"]
[Date "2002.??.??"]
[Round "1"]
[White "Braun, Peter"]
[Black "Eschle, Hubert"]
[Result "1-0"]
[WhiteElo "2266"]
[BlackElo "2025"]
[PlyCount "49"]
[EventDate "2002.03.??"]
[EventType "swiss"]
[EventRounds "9"]
[EventCountry "GER"]
[SourceTitle "EXT 2003"]
[Source "ChessBase"]
[SourceDate "2002.11.25"]
[SourceVersion "1"]
[SourceVersionDate "2002.11.25"]
[SourceQuality "1"]

1. d4 Nf6 2. c4 g6 3. Nc3 Bg7 4. e4 d6 5. Nf3 0-0 6. Be2 e5 7. 0-0 Nc6 8. d5 Ne7 9. Nd2 Nd7 10. Rb1 f5 11. f3 f4 12. b4 g5 13. Nb3 Rf6 14. c5 Rh6 15. g4 fxg3 16. hxg3 Qe8 17. Kg2 Nf6 18. Rh1 Rxh1 19. Qxh1 g4 20. Bg5 Qg6 21. Qh4 Nfxd5 22. Bc4 gxf3+ 23. Kf2 Kh8 24. Bxd5 Nxd5 25. Nxd5 1-0